000 00360 a2200169 4500
001 183486
020 _a85-279-0351-2
040 _cMagnum
100 _aPrata, Liliane
240 1 0 _aO diário de Débora 1
_lpor
245 1 0 _aO diário de Débora 1
300 _a243
362 0 _a2004
440 1 _aAbril
697 _aLITERATURA JUVENIL
942 _cBK
999 _c183486
_d183486